| 000 | 00703cam a22001935a 4500 | ||
|---|---|---|---|
| 001 | L156040 | ||
| 008 | 120426s1836 xxk f 000 0 eng d | ||
| 035 | _a(Sirsi) u156040 | ||
| 041 | 0 | _aeng | |
| 100 | 1 |
_aBrayley, E. W. _q(Edward Wedlake) _d1773-1854 |
|
| 245 | 0 | 4 |
_aThe history of the ancient palace and late houses of Parliament at Westminster ... _cby Edward Wedlake Brayley, and John Britton |
| 260 |
_aLondon _bJohn Weale, Architectural Library _c1836 |
||
| 300 |
_axvi, 476 p. _bill., plates, plan _c26 cm. |
||
| 583 |
_aCondition reviewed _c20120620 _lcondition level 1 and 1 |
||
| 651 | 4 | _aLondon | |
| 690 | _aConservation and restoration | ||
| 700 | 1 |
_aBritton, John _d1771-1857 |
|
| 942 | _n0 | ||
| 999 |
_c113998 _d113998 |
||